书目信息 |
| 题名: |
园林苗木生产技术
|
|
| 作者: | 尤伟忠 主编 | |
| 分册: | ||
| 出版信息: | 苏州 苏州大学出版社 2009.03 |
|
| 页数: | 189页 | |
| 开本: | 26cm | |
| 丛书名: | 园林园艺专业系列教材 | |
| 单 册: | ||
| 中图分类: | S723.1 | |
| 科图分类: | ||
| 主题词: | 苗木--miao mu--育苗--高等学校--教材 | |
| 电子资源: | ||
| ISBN: | 978-7-81137-214-4 | |
| 000 | 00970nam 2200265 450 | |
| 001 | 012009296999 | |
| 005 | 20090621084256.50 | |
| 010 | @a978-7-81137-214-4@dCNY19.00 | |
| 100 | @a20090621d2009 em y0chiy0120 ea | |
| 101 | 0 | @achi |
| 102 | @aCN@b320000 | |
| 105 | @aak a 000yy | |
| 106 | @ar | |
| 200 | 1 | @a园林苗木生产技术@Ayuan lin miao mu sheng chan ji shu@f尤伟忠主编@Fyou wei zhong zhu bian |
| 210 | @a苏州@c苏州大学出版社@d2009.03 | |
| 215 | @a189页@c图@d26cm | |
| 225 | 2 | @a园林园艺专业系列教材@Ayuan lin yuan yi zhuan ye xi lie jiao cai |
| 320 | @a有书目 (第189页) | |
| 330 | @a《园林苗木生产技术》是园林类、园林工程类专业的重要专业课程教材,全书系统介绍了园林苗圃的建立、园林苗木的繁殖、大苗培育及苗木出圃等生产技术。 | |
| 410 | 0 | @12001 @a园林园艺专业系列教材 |
| 606 | 0 | @a苗木@Amiao mu@x育苗@x高等学校@j教材 |
| 690 | @aS723.1@v4 | |
| 701 | 0 | @a尤伟忠@Ayou wei zhong@4主编 |
| 801 | 0 | @aCN@bQSSK@c20090621 |
| 905 | @b745208-10@dS723.1@eY671@f3 | |
| 园林苗木生产技术/尤伟忠主编.-苏州:苏州大学出版社,2009.03 |
| 189页:图;26cm.-(园林园艺专业系列教材) |
| ISBN 978-7-81137-214-4:CNY19.00 |
| 《园林苗木生产技术》是园林类、园林工程类专业的重要专业课程教材,全书系统介绍了园林苗圃的建立、园林苗木的繁殖、大苗培育及苗木出圃等生产技术。 |
| ● |
| 相关链接 |
|
|
|
正题名:园林苗木生产技术
索取号:S723.1/Y671
 
预约/预借
| 序号 | 登录号 | 条形码 | 馆藏地/架位号 | 状态 | 备注 |
| 1 | 745208 | 207452086 | 自科库401/401自科库 68排7列5层/ [索取号:S723.1/Y671] | 在馆 | |
| 2 | 745209 | 207452095 | 自科库401/401自科库 68排7列5层/ [索取号:S723.1/Y671] | 在馆 | |
| 3 | 745210 | 207452102 | 自科库401/401自科库 68排7列5层/ [索取号:S723.1/Y671] | 在馆 |